[Event "GER-chT Federal Cup (Women)"]
[Site "Braunfels"]
[Date "2022.06.17"]
[Round "2.7"]
[White "Moeller, Lisa Marie"]
[Black "Krausse, Vanessa"]
[Result "1-0"]
[WhiteElo "1927"]
[BlackElo "1632"]
[PlyCount "51"]
[EventDate "2022.06.15"]
[EventType "team-swiss"]
[EventRounds "5"]
[EventCountry "GER"]
[SourceTitle "EXT 2023"]
[Source "ChessBase"]
[SourceDate "2022.10.05"]
[SourceVersion "1"]
[SourceVersionDate "2022.10.05"]
[SourceQuality "1"]

1. e4 c5 2. Nf3 Nc6 3. Bb5 d6 4. Bxc6+ bxc6 5. 0-0 Nf6 6. Re1 g6 7. e5 dxe5 8. Nxe5 Qc7 9. Qf3 Bb7 10. Nc3 Bg7 11. Na4 0-0 12. Nxc5 Nd5 13. d4 Rad8 14. c3 e6 15. Qh3 Rfe8 16. Bh6 Bh8 17. Rad1 Bc8 18. Qf3 f6 19. Ned3 f5 20. Bg5 Nf6 21. Ne5 Rd6 22. Nc4 Rd5 23. Bf4 Qd8 24. Ne3 Rxc5 25. dxc5 Nd7 26. Qxc6 1-0

[Event "GER-chT Federal Cup (Women)"]
[Site "Braunfels"]
[Date "2017.06.16"]
[Round "2.8"]
[White "Krausse, Vanessa"]
[Black "Froehlich Dill, Astrid"]
[Result "0-1"]
[WhiteElo "1600"]
[BlackElo "1892"]
[PlyCount "98"]
[EventDate "2017.06.15"]
[EventType "team-swiss"]
[EventRounds "5"]
[EventCountry "GER"]
[SourceTitle "CBM 179 Extra"]
[Source "ChessBase"]
[SourceDate "2017.08.23"]
[SourceVersion "1"]
[SourceVersionDate "2017.08.23"]
[SourceQuality "1"]
[WhiteTeam "Hessen (W) II"]
[BlackTeam "Hessen (W)"]
[WhiteTeamCountry "GER"]
[BlackTeamCountry "GER"]

1. e4 e6 2. d4 b6 3. c4 Bb7 4. Nd2 g6 5. g3 Bg7 6. Ne2 f5 7. Bg2 Nf6 8. Qc2 0-0 9. 0-0 fxe4 10. Nxe4 Nxe4 11. Bxe4 Nc6 12. b3 d5 13. Bg2 Nxd4 14. Nxd4 Bxd4 15. Bh6 Bxa1 16. Bxf8 Qxf8 17. Rxa1 Qf6 18. Rd1 c6 19. h4 Qf5 20. Qe2 Rf8 21. Rd2 Ba6 22. Kh2 e5 23. Qe1 e4 24. cxd5 cxd5 25. Qc1 Bd3 26. Bf1 Bxf1 27. Qxf1 e3 28. Re2 d4 29. Kg2 Qf3+ 30. Kg1 exf2+ 31. Qxf2 Qg4 32. Qe1 Qf3 33. Qf2 Qd3 34. Qe1 Qf3 35. Qf2 d3 36. Rd2 Qe4 37. Qg2 Qe3+ 38. Kh2 Rf3 39. Kh3 h6 40. Kg4 h5+ 41. Kh3 Qe6+ 42. Kh2 Qe3 43. Rb2 Kf7 44. Qg1 Qxg1+ 45. Kxg1 Rxg3+ 46. Kh2 Re3 47. Kg2 Kf6 48. Rf2+ Ke5 49. Rd2 Kf4 0-1

[Event "Hessen-ch U14/U18 Girls"]
[Site "Bad Homburg"]
[Date "2015.03.30"]
[Round "1"]
[White "Krausse, Vanessa"]
[Black "Maar, Patricia"]
[Result "1-0"]
[WhiteElo "1549"]
[BlackElo "1385"]
[PlyCount "69"]
[EventDate "2015.03.30"]
[EventType "swiss"]
[EventRounds "7"]
[EventCountry "GER"]
[SourceTitle "EXT 2017"]
[Source "ChessBase"]
[SourceDate "2016.10.25"]
[SourceVersion "1"]
[SourceVersionDate "2016.10.25"]
[SourceQuality "1"]

1. e4 e6 2. d4 d5 3. Nd2 c5 4. Ngf3 Nc6 5. exd5 exd5 6. Be2 Nf6 7. 0-0 Be7 8. dxc5 Bxc5 9. Nb3 Be7 10. h3 0-0 11. Be3 Be6 12. Nc5 Qc7 13. Nxe6 fxe6 14. c4 Rad8 15. Ng5 Qc8 16. Bg4 Nxg4 17. Qxg4 Rf5 18. h4 h6 19. Nf3 h5 20. Qh3 dxc4 21. g4 hxg4 22. Qxg4 Ne5 23. Nxe5 Rxe5 24. Bd4 Rxd4 25. Qxd4 Rh5 26. Rae1 e5 27. Rxe5 Bf6 28. Qd5+ Kf8 29. Rxh5 Qg4+ 30. Kh2 g5 31. Qd6+ Be7 32. Rh8+ Kf7 33. Rh7+ Kg8 34. Qg6+ Kf8 35. Qf7# 1-0

[Event "GER-ch U18 Girls"]
[Site "Magdeburg"]
[Date "2014.06.08"]
[Round "1"]
[White "Sherif, Amina"]
[Black "Krausse, Vanessa"]
[Result "1-0"]
[WhiteElo "1874"]
[BlackElo "1606"]
[PlyCount "87"]
[EventDate "2014.06.08"]
[EventType "swiss"]
[EventRounds "9"]
[EventCountry "GER"]
[SourceTitle "CBM 160 Extra"]
[Source "ChessBase"]
[SourceDate "2014.07.01"]
[SourceVersion "1"]
[SourceVersionDate "2014.07.01"]
[SourceQuality "1"]

1. e4 c5 2. Nc3 Nc6 3. g3 g6 4. Bg2 d6 5. Nge2 Bg7 6. d3 Nf6 7. 0-0 0-0 8. h3 Bd7 9. f4 a6 10. g4 b5 11. Ng3 e6 12. f5 exf5 13. exf5 Qb6 14. g5 Ne8 15. Nd5 Qd8 16. f6 Bh8 17. Ne7+ Nxe7 18. fxe7 Qxe7 19. Bxa8 Bxh3 20. Bg2 Bxg2 21. Kxg2 Be5 22. Qf3 Ng7 23. Ne4 Nh5 24. Nf6+ Nxf6 25. gxf6 Qe6 26. c3 Re8 27. Bg5 b4 28. Rfe1 bxc3 29. bxc3 Qd7 30. Bd2 Qd8 31. Re2 Re6 32. Bg5 Qe8 33. Rb1 h5 34. Reb2 Kh7 35. Rb8 Qa4 36. Kf1 d5 37. R8b7 Kg8 38. Qxd5 Bxf6 39. Qf3 Kg7 40. Kg1 Qxa2 41. Rf1 a5 42. Bxf6+ Kg8 43. Rb8+ Kh7 44. Rh8# 1-0

[Event "Hessen-ch U14/U18 Girls"]
[Site "Bad Homburg"]
[Date "2014.04.18"]
[Round "6"]
[White "Krausse, Vanessa"]
[Black "Mao, Yvonne"]
[Result "1-0"]
[WhiteElo "1587"]
[BlackElo "1563"]
[PlyCount "30"]
[EventDate "2014.04.??"]
[EventType "swiss"]
[EventRounds "7"]
[EventCountry "GER"]
[SourceTitle "EXT 2022"]
[Source "ChessBase"]
[SourceDate "2021.10.06"]
[SourceVersion "1"]
[SourceVersionDate "2021.10.06"]
[SourceQuality "1"]

1. e4 e5 2. Nf3 Nc6 3. d4 exd4 4. c3 dxc3 5. Nxc3 Bb4 6. Bc4 Nf6 7. e5 Ne4 8. Qd5 Bxc3+ 9. bxc3 0-0 10. Qxe4 d6 11. Ng5 g6 12. exd6 Bf5 13. Qh4 h5 14. 0-0 Qxd6 15. h3 Kg7 1-0

[Event "Hessen-ch U14/U18 Girls"]
[Site "Bad Homburg"]
[Date "2014.04.16"]
[Round "4"]
[White "Poetsch, Leonore"]
[Black "Krausse, Vanessa"]
[Result "1/2-1/2"]
[WhiteElo "1529"]
[BlackElo "1587"]
[PlyCount "115"]
[EventDate "2014.04.??"]
[EventType "swiss"]
[EventRounds "7"]
[EventCountry "GER"]
[SourceTitle "EXT 2022"]
[Source "ChessBase"]
[SourceDate "2021.10.06"]
[SourceVersion "1"]
[SourceVersionDate "2021.10.06"]
[SourceQuality "1"]

1. e4 c5 2. c3 Nc6 3. d4 d5 4. exd5 Qxd5 5. Nf3 Bg4 6. Be2 Rd8 7. dxc5 Qxc5 8. Qa4 Nf6 9. Be3 Qd5 10. 0-0 a6 11. Bb6 Rd7 12. Na3 e6 13. Rad1 Qe4 14. Qxe4 Nxe4 15. Nc4 Rxd1 16. Rxd1 Bc5 17. Bxc5 Nxc5 18. Nd6+ Ke7 19. b4 Na4 20. Ne4 Rc8 21. Rc1 Nxb4 22. a3 Nd5 23. c4 Nf4 24. Kf1 b5 25. Ned2 Nxe2 26. Kxe2 bxc4 27. Rxc4 Rxc4 28. Nxc4 Nc3+ 29. Kd2 Bxf3 30. gxf3 Nb5 31. Kd3 Nd6 32. Ne3 Kd7 33. Kc3 Kc6 34. a4 Nf5 35. Ng4 Kb6 36. Kb4 Nd4 37. a5+ Kb7 38. f4 Ne2 39. Ne5 Nxf4 40. Nxf7 Nd3+ 41. Kc4 Nxf2 42. Nd8+ Kc8 43. Nxe6 g6 44. Nc5 h5 45. h4 Ng4 46. Kd4 Nh6 47. Nxa6 Nf5+ 48. Ke5 Nxh4 49. Nc5 Nf3+ 50. Kf4 Nd4 51. Kg5 Nc6 52. Kxg6 h4 53. Ne4 h3 54. Nf2 h2 55. Kg5 Ne5 56. Kf4 Nd3+ 57. Kg3 Nxf2 58. Kxh2 1/2-1/2

[Event "Vellmar op-B 5th"]
[Site "Vellmar"]
[Date "2013.07.28"]
[Round "6"]
[White "Bickmann, Uwe"]
[Black "Krausse, Vanessa"]
[Result "1-0"]
[WhiteElo "1795"]
[BlackElo "1594"]
[PlyCount "139"]
[EventDate "2013.07.25"]
[EventType "swiss"]
[EventRounds "7"]
[EventCountry "GER"]
[SourceTitle "EXT 2015"]
[Source "ChessBase"]
[SourceDate "2014.11.20"]
[SourceVersion "1"]
[SourceVersionDate "2014.11.20"]
[SourceQuality "1"]

1. c4 e5 2. g3 Nf6 3. Bg2 Bc5 4. Nc3 0-0 5. Nf3 c6 6. Nxe5 Re8 7. Nf3 d6 8. 0-0 Qe7 9. Qc2 Ne4 10. e3 Bf5 11. Nh4 Nxc3 12. Nxf5 Ne2+ 13. Kh1 Qf6 14. d4 Nxc1 15. Raxc1 Bb6 16. Nh4 Nd7 17. Qf5 Rad8 18. Qxf6 Nxf6 19. h3 Bc7 20. b4 Ne4 21. Bxe4 Rxe4 22. Nf3 a6 23. Nd2 Re6 24. d5 Rh6 25. Kg2 c5 26. bxc5 dxc5 27. Rb1 b6 28. e4 Re8 29. f4 Rg6 30. e5 Rb8 31. Nf3 f6 32. Nh4 Rh6 33. Nf5 Rh5 34. g4 Rxf5 35. gxf5 fxe5 36. fxe5 Bxe5 37. Rfe1 Bd4 38. d6 Bf6 39. d7 Kf7 40. Re6 Rd8 41. Rexb6 Be5 42. Rd1 Bd4 43. Rxa6 Rxd7 44. Rb1 h6 45. Rab6 Rd8 46. Re1 Ra8 47. Re2 Ra4 48. Rc2 Ra3 49. Rb3 Ra6 50. Kf3 Kf6 51. Ke4 g6 52. fxg6 Kxg6 53. Rg3+ Kf6 54. Kd5 Ke7 55. Re2+ Kd7 56. a3 Rd6+ 57. Ke4 Re6+ 58. Kf3 Rf6+ 59. Kg2 Rf4 60. Rg4 Rf6 61. Rd2 Re6 62. Kf3 h5 63. Re4 Rf6+ 64. Rf4 Rd6 65. Rf5 h4 66. Rd5 Kc7 67. Rxd6 Kxd6 68. Ke4 Kc6 69. Rxd4 cxd4 70. Kxd4 1-0

[Event "Hessen-ch U14/18 Girls"]
[Site "Bad Homburg"]
[Date "2013.??.??"]
[Round "6"]
[White "Krausse, Vanessa"]
[Black "Tampe, Katharina"]
[Result "1-0"]
[WhiteElo "1576"]
[BlackElo "937"]
[PlyCount "93"]
[EventDate "2013.03.??"]
[EventType "swiss"]
[EventRounds "7"]
[EventCountry "GER"]
[SourceTitle "EXT 2014"]
[Source "ChessBase"]
[SourceDate "2013.11.20"]
[SourceVersion "1"]
[SourceVersionDate "2013.11.20"]
[SourceQuality "1"]

1. e4 e5 2. Nf3 d6 3. d4 exd4 4. Nxd4 Nf6 5. Nc3 g6 6. Bf4 Nbd7 7. Bc4 Ne5 8. Bxe5 dxe5 9. Ndb5 Qxd1+ 10. Rxd1 Bd6 11. Nxd6+ cxd6 12. Rxd6 Nd7 13. Nd5 0-0 14. 0-0 Nc5 15. f3 Be6 16. Rd1 Kg7 17. b4 Nd7 18. Nc7 Rac8 19. Nxe6+ fxe6 20. Rxd7+ Kf6 21. Bxe6 Rce8 22. Bb3 Kg5 23. Rxh7 Rh8 24. Rxh8 Rxh8 25. g3 Rf8 26. Kg2 Kh6 27. Rd7 g5 28. Rf7 Rd8 29. Rf6+ Kg7 30. Rf5 Rd2+ 31. Kh3 Kh6 32. Rf6+ Kg7 33. Rf5 Kh6 34. Rxe5 Rd8 35. Kg4 Rd2 36. Rxg5 Rxh2 37. e5 Re2 38. e6 Re3 39. f4 Re4 40. Bd5 Re3 41. f5 Re1 42. f6 Rd1 43. c3 Re1 44. e7 Re3 45. f7 Rxe7 46. f8Q+ Rg7 47. Qxg7# 1-0

[Event "Hessen-ch U14/18 Girls"]
[Site "Bad Homburg"]
[Date "2013.??.??"]
[Round "7"]
[White "Liez, Franziska"]
[Black "Krausse, Vanessa"]
[Result "1/2-1/2"]
[WhiteElo "1844"]
[BlackElo "1576"]
[PlyCount "65"]
[EventDate "2013.03.??"]
[EventType "swiss"]
[EventRounds "7"]
[EventCountry "GER"]
[SourceTitle "EXT 2014"]
[Source "ChessBase"]
[SourceDate "2013.11.20"]
[SourceVersion "1"]
[SourceVersionDate "2013.11.20"]
[SourceQuality "1"]

1. e4 c5 2. Nf3 Nc6 3. d4 cxd4 4. Nxd4 e5 5. Nb5 a6 6. N5c3 b5 7. Nd5 Nce7 8. Be3 Rb8 9. Be2 Qa5+ 10. c3 Nxd5 11. Qxd5 Qc7 12. Nd2 Nf6 13. Qb3 Bb7 14. Bf3 Rd8 15. a4 d5 16. exd5 Bxd5 17. Bxd5 Nxd5 18. axb5 Nxe3 19. fxe3 Qd7 20. 0-0 axb5 21. Ne4 Qb7 22. Ng5 f6 23. Qe6+ Qe7 24. Qxe7+ Bxe7 25. Ne6 Rb8 26. Nxg7+ Kf7 27. Nf5 Bc5 28. b4 Bb6 29. Kh1 Ke6 30. e4 Rhc8 31. Rf3 Rc4 32. Ng3 Rbc8 33. Nh5 1/2-1/2

[Event "Hessen-ch U14/18 Girls"]
[Site "Bad Homburg"]
[Date "2012.??.??"]
[Round "7"]
[White "Krausse, Vanessa"]
[Black "Lukas, Anne"]
[Result "1/2-1/2"]
[WhiteElo "1278"]
[BlackElo "1479"]
[PlyCount "148"]
[EventDate "2012.04.??"]
[EventType "swiss"]
[EventRounds "9"]
[EventCountry "GER"]
[SourceTitle "EXT 2015"]
[Source "ChessBase"]
[SourceDate "2014.11.20"]
[SourceVersion "1"]
[SourceVersionDate "2014.11.20"]
[SourceQuality "1"]

1. e4 c6 2. d4 d5 3. Nc3 e6 4. Nf3 Nd7 5. Bd3 Bd6 6. 0-0 b6 7. e5 Be7 8. a3 c5 9. dxc5 Nxc5 10. Bb5+ Bd7 11. Bxd7+ Qxd7 12. b4 Na4 13. Nxa4 Qxa4 14. Bb2 Rc8 15. c3 Qd7 16. a4 a5 17. b5 Bc5 18. Rc1 Ne7 19. c4 0-0 20. cxd5 Qxd5 21. Qxd5 Nxd5 22. g3 Nb4 23. Rfd1 Rfd8 24. Bd4 Bxd4 25. Nxd4 Rxc1 26. Rxc1 Nd3 27. Rc6 Rb8 28. f4 Nb2 29. f5 exf5 30. Nxf5 Nxa4 31. Ne7+ Kf8 32. Nd5 Re8 33. Nxb6 Nxb6 34. Rxb6 Rxe5 35. Kg2 Ke7 36. Rb7+ Kf6 37. Rb8 h5 38. b6 Rb5 39. b7 g5 40. h4 gxh4 41. gxh4 a4 42. Ra8 Rxb7 43. Rxa4 Rb5 44. Ra6+ Kf5 45. Kg3 Re5 46. Kf3 f6 47. Ra4 Rd5 48. Rf4+ Ke6 49. Ke3 f5 50. Rc4 Ke5 51. Ra4 Rb5 52. Ra3 f4+ 53. Kf3 Kf5 54. Rc3 Re5 55. Rd3 Re6 56. Rd5+ Re5 57. Rd3 Rc5 58. Ra3 Ke5 59. Rb3 Ra5 60. Rd3 Ra1 61. Rb3 Rf1+ 62. Ke2 f3+ 63. Rxf3 Rxf3 64. Kxf3 Kf5 65. Kg3 Ke4 66. Kg2 Kf4 67. Kh3 Kf3 68. Kh2 Kg4 69. Kg2 Kxh4 70. Kh2 Kg4 71. Kg2 h4 72. Kh2 h3 73. Kg1 Kg3 74. Kh1 h2 1/2-1/2

[Event "GER-chT U14 Girls"]
[Site "Arendsee"]
[Date "2011.12.28"]
[Round "4.2"]
[White "Krausse, Vanessa"]
[Black "Alsheimer, Lea"]
[Result "1-0"]
[WhiteElo "1228"]
[BlackElo "1287"]
[PlyCount "91"]
[EventDate "2011.12.27"]
[EventType "team-swiss"]
[EventRounds "7"]
[EventCountry "GER"]
[SourceTitle "EXT 2022"]
[Source "ChessBase"]
[SourceDate "2021.10.06"]
[SourceVersion "1"]
[SourceVersionDate "2021.10.06"]
[SourceQuality "1"]
[WhiteTeam "Bad Hersfeld U14 Girls"]
[BlackTeam "Bechhofen U14 Girls"]
[WhiteTeamCountry "GER"]
[BlackTeamCountry "GER"]

1. e4 d5 2. exd5 Qxd5 3. Nc3 Qd8 4. Nf3 Nf6 5. Bc4 Bf5 6. 0-0 e6 7. d3 c6 8. Bf4 Nbd7 9. Re1 Be7 10. Ne4 0-0 11. h3 a5 12. a3 Nb6 13. Ba2 Rc8 14. Qd2 c5 15. Nxf6+ Bxf6 16. Qxa5 Nd5 17. Qxd8 Rfxd8 18. Be5 Bxe5 19. Rxe5 Nf4 20. Nh4 Bg6 21. Nxg6 Nxg6 22. Re4 Kf8 23. Rd1 Rd4 24. c3 Rd6 25. Bc4 Rb8 26. a4 Ne7 27. b4 cxb4 28. cxb4 Nc6 29. b5 Nb4 30. Re3 Rc8 31. Rb1 Nc2 32. Rg3 Nd4 33. Kf1 Ra8 34. Rb4 Rd7 35. Rg4 Nc2 36. Rb2 Nd4 37. Ra2 b6 38. Rh4 h6 39. Rf4 Rc8 40. a5 bxa5 41. Rxa5 Rc5 42. Ra8+ Ke7 43. b6 Re5 44. Rxd4 Rxd4 45. b7 Rxc4 46. dxc4 1-0

[Event "Vellmar op 1st"]
[Site "Vellmar"]
[Date "2009.07.31"]
[Round "3"]
[White "Krausse, Vanessa"]
[Black "Kretzschmar, Gerald"]
[Result "0-1"]
[WhiteElo "898"]
[BlackElo "823"]
[PlyCount "70"]
[EventDate "2009.07.30"]
[EventType "swiss"]
[EventRounds "7"]
[EventCountry "GER"]
[SourceTitle "EXT 2018"]
[Source "ChessBase"]
[SourceDate "2017.10.13"]
[SourceVersion "1"]
[SourceVersionDate "2017.10.13"]
[SourceQuality "1"]

1. e4 e6 2. Nf3 Nf6 3. Nc3 c5 4. e5 Nd5 5. Nxd5 exd5 6. d3 Nc6 7. Qe2 h6 8. Bd2 Be7 9. 0-0-0 a5 10. g3 b5 11. Bh3 b4 12. b3 a4 13. bxa4 Qa5 14. Kb2 Qxa4 15. Ra1 Qa3+ 16. Kb1 Rb8 17. Qd1 c4 18. dxc4 Na5 19. Nd4 Nxc4 20. Bc1 Qa6 21. Nb3 0-0 22. Bxh6 Qxh6 23. Bg2 Qe6 24. f4 Bb7 25. Nd4 Qa6 26. Nf5 Rbe8 27. Qg4 Qg6 28. Qh3 f6 29. g4 fxe5 30. Re1 e4 31. Nh4 Bxh4 32. Qxh4 Rxf4 33. h3 Qe6 34. Qg3 Qe5 35. Bf1 Qb2# 0-1